00798nam a2200229Ia 4500003000900000008004100009020001800050040001600068080002000084100002100104245007800125260003800203300001500241490005400256650001900310650001800329650003000347650002900377942000700406999001700413952013800430IN-BaIIA211028s9999 xx 000 0 eng d a0-471-57538-0 cIIA Library a621.396.96bMOT aHarold, M925016 0aAntennas for radar and communicationsba polarimetric approachcM. Harold aNew YorkbJohn Wiley & Sonsc1992 axii, 521p. aWiley series in microwave and optical engineering aAntennas92176 aArrays915725 aBroadband antennas925017 aWave polarization925018 cBK c14192d14192 00104070aBANbBANcGENd2001-08-06eEDS g7338.32l0o621.396.96/ MOTp15112r2021-11-05v7338.32w2001-08-06yBKGRs. 7338.32